[Event "Colombo Golden Jubilee op"]
[Site "Colombo"]
[Date "2022.11.26"]
[Round "6"]
[White "De Silva, LMST"]
[Black "Randil, Lakshita"]
[Result "1-0"]
[WhiteElo "2521"]
[BlackElo "1929"]
[PlyCount "62"]
[EventDate "2022.11.23"]
[EventType "swiss"]
[EventRounds "9"]
[EventCountry "SRI"]
[SourceTitle "CBM 211 Extra"]
[Source "ChessBase"]
[SourceDate "2023.01.31"]
[SourceVersion "1"]
[SourceVersionDate "2023.01.31"]
[SourceQuality "1"]

1. e4 e5 2. Nf3 Nf6 3. d4 exd4 4. e5 Ne4 5. Qxd4 d5 6. exd6 Nxd6 7. Nc3 Nc6 8. Qf4 g6 9. Be3 Bg7 10. 0-0-0 0-0 11. h4 h5 12. Bb5 Bd7 13. Bc5 a6 14. Bc4 Bf5 15. Nd5 Re8 16. Bb3 Re4 17. Qg5 Rg4 18. Qxd8+ Rxd8 19. Rhg1 Rc8 20. g3 Re4 21. Ng5 Re2 22. Nf4 Re7 23. Nd5 Re2 24. Rge1 Rce8 25. Nxc7 Rxe1 26. Nxe8 Rxd1+ 27. Kxd1 Nxe8 28. Bxf7+ Kh8 29. Bxe8 Bxb2 30. Kd2 Be5 31. Bxc6 Bb2 1-0

[Event "Asia Club-ch Hybrid"]
[Site "Tornelo INT"]
[Date "2021.11.06"]
[Round "4.4"]
[White "Upeksha, LH Ishitha"]
[Black "Randil, Lakshita"]
[Result "0-1"]
[WhiteElo "1034"]
[BlackElo "1927"]
[PlyCount "98"]
[EventDate "2021.11.03"]
[EventType "team-swiss"]
[EventRounds "9"]
[EventCountry "NET"]
[SourceTitle "CBM 205 Extra"]
[Source "ChessBase"]
[SourceDate "2022.01.31"]
[SourceVersion "1"]
[SourceVersionDate "2022.01.31"]
[SourceQuality "1"]
[WhiteTeam "Super Knight CC II"]
[BlackTeam "Super Knight CC"]
[WhiteTeamCountry "SRI"]
[BlackTeamCountry "SRI"]

1. e4 e5 2. Bc4 Nf6 3. Nf3 Nxe4 4. Nc3 Nc6 5. 0-0 Nxc3 6. dxc3 Be7 7. Qd5 0-0 8. Nxe5 Nxe5 9. Qxe5 Bf6 10. Qg3 Re8 11. Bf4 d6 12. Rfe1 Be6 13. Bd3 Qd7 14. a4 a6 15. h3 Bf5 16. a5 Bxd3 17. Qxd3 Re6 18. Qd2 Rae8 19. Rxe6 Qxe6 20. Kf1 Qc4+ 21. Kg1 h6 22. Be3 Re5 23. b3 Qe6 24. b4 Rd5 25. Qe1 Qe4 26. Rc1 Qc4 27. Bd2 Rxd2 28. Qxd2 Bg5 29. Qd1 Bxc1 30. Qxc1 Qxc3 31. Qb1 g6 32. Kf1 Kg7 33. Ke2 h5 34. f3 Kf6 35. g4 h4 36. Kf2 Qd2+ 37. Kf1 Qh2 38. Qb2+ Ke7 39. g5 Qxh3+ 40. Kf2 Qg3+ 41. Ke2 Qe5+ 42. Qxe5+ dxe5 43. Kf2 Ke6 44. Kg2 Kf5 45. c4 c6 46. Kh2 Kxg5 47. c5 Kf4 48. Kg2 h3+ 49. Kxh3 Kxf3 0-1

[Event "Asia Club-ch Hybrid"]
[Site "Tornelo INT"]
[Date "2021.11.04"]
[Round "2.4"]
[White "Daneshvar, Bardiya"]
[Black "Randil, Lakshita"]
[Result "1-0"]
[WhiteElo "2380"]
[BlackElo "1927"]
[PlyCount "97"]
[EventDate "2021.11.03"]
[EventType "team-swiss"]
[EventRounds "9"]
[EventCountry "NET"]
[SourceTitle "CBM 205 Extra"]
[Source "ChessBase"]
[SourceDate "2022.01.31"]
[SourceVersion "1"]
[SourceVersionDate "2022.01.31"]
[SourceQuality "1"]
[WhiteTeam "Pyramid"]
[BlackTeam "Super Knight CC"]
[WhiteTeamCountry "IRI"]
[BlackTeamCountry "SRI"]

1. d4 d5 2. c4 c6 3. Nf3 Nf6 4. Nc3 a6 5. c5 Bf5 6. Qb3 Ra7 7. Bf4 Nbd7 8. e3 e6 9. h3 h6 10. Be2 Be7 11. 0-0 0-0 12. Rac1 Ne4 13. Bh2 Bf6 14. Nxe4 Bxe4 15. Nd2 Bg6 16. Bd3 Bxd3 17. Qxd3 e5 18. b4 Re8 19. Nb3 Qc8 20. Rfe1 e4 21. Qe2 Bd8 22. a4 Bc7 23. Bxc7 Qxc7 24. b5 axb5 25. axb5 Ra3 26. b6 Qb8 27. Qb2 Qa8 28. Ra1 Ra6 29. Rxa6 Qxa6 30. Ra1 Qb5 31. Ra7 Rb8 32. Qc3 Nf8 33. Na5 Qb1+ 34. Kh2 Qf1 35. Qd2 Ng6 36. g3 Re8 37. Nb3 h5 38. h4 Re6 39. Ra1 Qb5 40. Na5 Qa6 41. Qe1 Rf6 42. Qf1 Qa8 43. Nxc6 Qc8 44. Nb4 Qf5 45. c6 Nxh4 46. c7 Nf3+ 47. Kh1 Ng5 48. Nxd5 Qf3+ 49. Qg2 1-0

[Event "Delkanda Inter Club-chT"]
[Site "Delkanda"]
[Date "2021.02.26"]
[Round "1.1"]
[White "Randil, Lakshita"]
[Black "Adihetty, Vanusha"]
[Result "1-0"]
[WhiteElo "1952"]
[BlackElo "1429"]
[PlyCount "47"]
[EventDate "2021.02.26"]
[EventType "team-tourn"]
[EventRounds "9"]
[EventCountry "SRI"]
[SourceTitle "EXT 2022"]
[Source "ChessBase"]
[SourceDate "2021.10.06"]
[SourceVersion "1"]
[SourceVersionDate "2021.10.06"]
[SourceQuality "1"]
[WhiteTeam "Jayewardenepura Univ"]
[BlackTeam "Black and Gold CC"]
[WhiteTeamCountry "SRI"]
[BlackTeamCountry "SRI"]

1. Nf3 d5 2. c4 c6 3. g3 Nf6 4. Bg2 Bf5 5. b3 Nbd7 6. Bb2 e6 7. 0-0 Bd6 8. d3 e5 9. cxd5 cxd5 10. e4 Be6 11. d4 dxe4 12. Nxe5 0-0 13. Nd2 Bd5 14. Ndc4 Nb6 15. a4 a5 16. Bc3 Bb4 17. Bxb4 axb4 18. Qd2 Bxc4 19. bxc4 Rxa4 20. Rxa4 Nxa4 21. Rb1 Re8 22. Rxb4 Rxe5 23. Rxa4 b5 24. dxe5 1-0

[Event "SRI-ch"]
[Site "Colombo"]
[Date "2020.09.19"]
[Round "9"]
[White "Doluweera, Minul Sanjula"]
[Black "Randil, Lakshita"]
[Result "1-0"]
[WhiteElo "2118"]
[BlackElo "1927"]
[PlyCount "116"]
[EventDate "2020.09.11"]
[EventType "tourn"]
[EventRounds "13"]
[EventCountry "SRI"]
[SourceTitle "CBM 198 Extra"]
[Source "ChessBase"]
[SourceDate "2020.11.30"]
[SourceVersion "1"]
[SourceVersionDate "2020.11.30"]
[SourceQuality "1"]

1. c4 c6 2. e4 d5 3. exd5 cxd5 4. d4 Nf6 5. Nc3 Nc6 6. Bf4 Bg4 7. f3 Be6 8. c5 g6 9. Bb5 Bg7 10. Nge2 0-0 11. 0-0 a6 12. Bxc6 bxc6 13. b4 Ne8 14. Na4 Ra7 15. Nec3 f6 16. Nb6 Nc7 17. a4 Bf7 18. Bxc7 Qxc7 19. b5 Qf4 20. Qd3 Bh6 21. bxc6 Qe3+ 22. Qxe3 Bxe3+ 23. Kh1 Bxd4 24. Rac1 Rd8 25. Rfd1 Bxc3 26. Rxc3 Rc7 27. Nc4 Rdc8 28. Na5 Be8 29. Rxd5 Bxc6 30. Rd4 Be8 31. c6 Kf8 32. Rb4 Rd8 33. Kg1 Rd5 34. Rb7 Rc8 35. c7 Rxa5 36. Rb8 Bd7 37. Rd3 Ke8 38. Rxc8+ Bxc8 39. Rd8+ Kf7 40. Rxc8 Rc5 41. Kf2 Ke6 42. Ra8 Rxc7 43. Rxa6+ Kf7 44. h4 Rc2+ 45. Kg3 Ra2 46. Ra8 h5 47. Ra6 g5 48. hxg5 fxg5 49. Ra8 Kg6 50. a5 e5 51. a6 Kg7 52. Kh2 g4 53. Kg3 Kh7 54. fxg4 hxg4 55. Kxg4 Rxg2+ 56. Kf5 Re2 57. Ra7+ Kg8 58. Rb7 e4 1-0

[Event "SRI-ch"]
[Site "Colombo"]
[Date "2020.09.12"]
[Round "2"]
[White "Amarasinghe, AACB"]
[Black "Randil, Lakshita"]
[Result "0-1"]
[WhiteElo "1933"]
[BlackElo "1927"]
[PlyCount "64"]
[EventDate "2020.09.11"]
[EventType "tourn"]
[EventRounds "13"]
[EventCountry "SRI"]
[SourceTitle "CBM 198 Extra"]
[Source "ChessBase"]
[SourceDate "2020.11.30"]
[SourceVersion "1"]
[SourceVersionDate "2020.11.30"]
[SourceQuality "1"]

1. e4 e5 2. Nf3 Nf6 3. Nxe5 d6 4. Nf3 Nxe4 5. Qe2 Qe7 6. d3 Nf6 7. Be3 Nd5 8. Nc3 Nxe3 9. fxe3 g6 10. 0-0-0 Bg7 11. d4 0-0 12. e4 c6 13. h3 b5 14. Re1 b4 15. Nd1 a5 16. Qd2 Nd7 17. Nf2 c5 18. e5 cxd4 19. e6 fxe6 20. Ne4 Bb7 21. Nxd4 e5 22. Nb5 d5 23. Nc7 dxe4 24. Nxa8 Bxa8 25. Bc4+ Kh8 26. Rhf1 Rxf1 27. Rxf1 Bf6 28. Kb1 Nb6 29. Bb5 Kg7 30. Qf2 Nd5 31. Rd1 e3 32. Qf1 e4 0-1

[Event "SRI-chB"]
[Site "Maharaga"]
[Date "2020.03.09"]
[Round "7.8"]
[White "De Silva, Elath Mathanga"]
[Black "Randil, Lakshita"]
[Result "1/2-1/2"]
[WhiteElo "1815"]
[BlackElo "1945"]
[PlyCount "30"]
[EventDate "2020.03.06"]
[EventType "swiss"]
[EventRounds "11"]
[EventCountry "SRI"]
[SourceTitle "CBM 195 Extra"]
[Source "ChessBase"]
[SourceDate "2020.05.31"]
[SourceVersion "1"]
[SourceVersionDate "2020.05.31"]
[SourceQuality "1"]

1. d4 d5 2. Bf4 Nf6 3. e3 c5 4. c3 Nc6 5. Nd2 cxd4 6. exd4 Bf5 7. Qb3 Qd7 8. Ngf3 a6 9. Be2 e6 10. 0-0 Bd6 11. Bg3 Bxg3 12. hxg3 0-0 13. a4 Qc7 14. Rfe1 Ne4 15. Nf1 h6 1/2-1/2

[Event "SRI-chB"]
[Site "Maharaga"]
[Date "2020.03.08"]
[Round "4.8"]
[White "Randil, Lakshita"]
[Black "Peiris, TSS"]
[Result "1/2-1/2"]
[WhiteElo "1945"]
[BlackElo "1884"]
[PlyCount "45"]
[EventDate "2020.03.06"]
[EventType "swiss"]
[EventRounds "11"]
[EventCountry "SRI"]
[SourceTitle "CBM 195 Extra"]
[Source "ChessBase"]
[SourceDate "2020.05.31"]
[SourceVersion "1"]
[SourceVersionDate "2020.05.31"]
[SourceQuality "1"]

1. Nf3 Nf6 2. c4 e6 3. g3 d5 4. b3 Be7 5. Bg2 0-0 6. 0-0 b6 7. Bb2 Bb7 8. e3 Nbd7 9. Nc3 c5 10. cxd5 exd5 11. d4 Qc7 12. Rc1 Rac8 13. Qe2 Rfe8 14. Rfd1 Qb8 15. Bh3 Rcd8 16. Qc2 Bf8 17. Bg2 Rc8 18. Qb1 Qa8 19. Bh3 Rcd8 20. Qa1 a6 21. a4 c4 22. Ba3 Qb8 23. Bxf8 1/2-1/2

[Event "SRI-ch"]
[Site "Nugegoda"]
[Date "2019.07.08"]
[Round "12"]
[White "Randil, Lakshita"]
[Black "Alahakoon, Isuru"]
[Result "0-1"]
[WhiteElo "1953"]
[BlackElo "2099"]
[PlyCount "111"]
[EventDate "2019.06.29"]
[EventType "tourn"]
[EventRounds "13"]
[EventCountry "SRI"]
[SourceTitle "EXT 2020"]
[Source "ChessBase"]
[SourceDate "2019.10.17"]
[SourceVersion "1"]
[SourceVersionDate "2019.10.17"]
[SourceQuality "1"]

1. Nf3 d5 2. c4 d4 3. e3 Nc6 4. b4 dxe3 5. fxe3 Nxb4 6. d4 e6 7. a3 Nc6 8. Bd3 Nf6 9. 0-0 g6 10. Bb2 Bg7 11. Qe2 0-0 12. Nbd2 Re8 13. e4 Nh5 14. Qe3 f5 15. e5 Ne7 16. Rad1 c5 17. dxc5 f4 18. Qe2 Nf5 19. Bxf5 exf5 20. Ne4 Qc7 21. Nd6 Re7 22. Qf2 Bd7 23. Rfe1 Rf8 24. Rd3 h6 25. Bd4 Bc6 26. Rb3 Qd7 27. Qe2 Nf6 28. Qd2 Ne4 29. Qxf4 g5 30. Qc1 Qe6 31. Qb2 g4 32. Nd2 Ng5 33. Nxb7 f4 34. Na5 f3 35. Nxc6 Qxc6 36. gxf3 gxf3 37. Bf2 Nh3+ 38. Kf1 Nxf2 39. Kxf2 Qxc5+ 40. Kf1 Bxe5 41. Qc2 Rg7 42. Rxf3 Qg1+ 43. Ke2 Qg2+ 44. Kd1 Rff7 45. Rxe5 Rxf3 46. Qe4 Rxa3 47. Qf5 Ra1+ 48. Kc2 Ra2+ 49. Kb3 Rb7+ 50. Rb5 Rxb5+ 51. cxb5 Rxd2 52. Qe6+ Kg7 53. Qe7+ Kg6 54. Qe6+ Kg5 55. Qe5+ Kg4 56. h3+ 0-1

[Event "SRI-ch"]
[Site "Nugegoda"]
[Date "2019.07.05"]
[Round "7"]
[White "Ariyawansa, KAPM"]
[Black "Randil, Lakshita"]
[Result "1/2-1/2"]
[WhiteElo "1787"]
[BlackElo "1953"]
[PlyCount "82"]
[EventDate "2019.06.29"]
[EventType "tourn"]
[EventRounds "13"]
[EventCountry "SRI"]
[SourceTitle "EXT 2020"]
[Source "ChessBase"]
[SourceDate "2019.10.17"]
[SourceVersion "1"]
[SourceVersionDate "2019.10.17"]
[SourceQuality "1"]

1. e4 c6 2. d4 d5 3. exd5 cxd5 4. Bd3 Nc6 5. c3 Nf6 6. Nf3 Bg4 7. 0-0 e6 8. Bg5 Bd6 9. Nbd2 0-0 10. Qb3 Rb8 11. Rfe1 Bh5 12. Ne5 Bg6 13. Nxg6 hxg6 14. Nf3 Qc7 15. Re2 b5 16. a3 a5 17. Bxb5 Na7 18. a4 Ne4 19. Bh4 Rfc8 20. Rc2 Nxb5 21. axb5 Qb6 22. Qa4 Qxb5 23. Qxa5 Qxa5 24. Rxa5 Rxc3 25. Rxc3 Nxc3 26. g3 Ne4 27. Ra2 f6 28. g4 Rb7 29. Bg3 Bxg3 30. hxg3 Kf7 31. Kf1 g5 32. Ke2 Rc7 33. Ne1 Rc4 34. f3 Nd6 35. Kd3 Rb4 36. Kc3 Rc4+ 37. Kd3 Rb4 38. Kc3 Rc4+ 39. Kd3 Nb5 40. Nc2 e5 41. b3 Rc3+ 1/2-1/2

[Event "SRI-ch"]
[Site "Nugegoda"]
[Date "2019.06.29"]
[Round "2"]
[White "Randil, Lakshita"]
[Black "Danushka, MAN"]
[Result "0-1"]
[WhiteElo "1953"]
[BlackElo "1851"]
[PlyCount "34"]
[EventDate "2019.06.29"]
[EventType "tourn"]
[EventRounds "13"]
[EventCountry "SRI"]
[SourceTitle "EXT 2020"]
[Source "ChessBase"]
[SourceDate "2019.10.17"]
[SourceVersion "1"]
[SourceVersionDate "2019.10.17"]
[SourceQuality "1"]

1. d4 d5 2. c4 e5 3. dxe5 d4 4. Nf3 Nc6 5. a3 Nge7 6. b4 Ng6 7. Bb2 a5 8. b5 Ncxe5 9. Nxe5 Nxe5 10. e3 Be6 11. Qxd4 Nxc4 12. Bxc4 Qxd4 13. Bxd4 Bxc4 14. Nc3 f6 15. a4 Bb4 16. Kd2 c5 17. bxc6 bxc6 0-1

[Event "SRI-chB"]
[Site "Colombo"]
[Date "2018.03.03"]
[Round "4"]
[White "Silva, Kevin Ranidu"]
[Black "Randil, Lakshita"]
[Result "1/2-1/2"]
[WhiteElo "1670"]
[BlackElo "1910"]
[PlyCount "108"]
[EventDate "2018.03.01"]
[EventType "swiss"]
[EventRounds "10"]
[EventCountry "SRI"]
[SourceTitle "EXT 2019"]
[Source "ChessBase"]
[SourceDate "2018.10.10"]
[SourceVersion "1"]
[SourceVersionDate "2018.10.10"]
[SourceQuality "1"]

1. Nf3 d5 2. d4 c6 3. g3 Bg4 4. Ne5 Bf5 5. g4 Be6 6. h3 Nf6 7. c3 Nbd7 8. Nd3 h5 9. g5 Ne4 10. Bf4 h4 11. Rg1 g6 12. f3 Nd6 13. Nd2 Bg7 14. e4 Qb6 15. Qa4 Kf8 16. Be3 Nc4 17. Nxc4 dxc4 18. Nf4 Qxb2 19. Nxe6+ fxe6 20. Rc1 Nb6 21. Qa5 Qb5 22. Qa3 e5 23. Rg2 Rd8 24. Rb2 Qa4 25. Qxa4 Nxa4 26. Rxb7 Nxc3 27. Rxc3 exd4 28. Rxc4 dxe3 29. Rxc6 Be5 30. Bc4 Bd6 31. Ke2 Rh5 32. e5 Bxe5 33. Rxg6 Rh8 34. Rb5 Rd4 35. Bb3 Bd6 36. Kxe3 Rb4 37. Rxb4 Bxb4 38. Ke4 Ke8 39. Ra6 Kd7 40. Rxa7+ Kd6 41. Ra6+ Kc7 42. Rh6 Rd8 43. g6 Bc3 44. Rh7 Kd6 45. g7 e6 46. Rh8 Rxh8 47. gxh8Q Bxh8 48. a4 Bc3 49. Kf4 Bd2+ 50. Kg4 Be1 51. Bc4 Ke5 52. f4+ Kf6 53. Bb3 Bd2 54. Bc4 Be1 1/2-1/2

[Event "Mumbai Wealth op 3rd"]
[Site "Mumbai"]
[Date "2018.01.06"]
[Round "8"]
[White "Bhambure, Shantanu"]
[Black "Randil, Lakshita"]
[Result "1/2-1/2"]
[WhiteElo "2108"]
[BlackElo "1860"]
[PlyCount "80"]
[EventDate "2017.12.30"]
[EventType "swiss"]
[EventRounds "9"]
[EventCountry "IND"]
[SourceTitle "CBM 182 Extra"]
[Source "ChessBase"]
[SourceDate "2018.02.23"]
[SourceVersion "1"]
[SourceVersionDate "2018.02.23"]
[SourceQuality "1"]

1. d4 d5 2. c4 c6 3. Nf3 Nf6 4. Nc3 a6 5. c5 g6 6. Bf4 Bg7 7. h3 0-0 8. e3 Bf5 9. Be2 Nbd7 10. 0-0 Ne4 11. Rc1 Re8 12. Na4 e5 13. Bh2 h5 14. dxe5 Nxe5 15. Nd4 Bc8 16. Nb6 Ra7 17. b4 Nd7 18. Na4 Qe7 19. Bf4 Be5 20. Bxe5 Qxe5 21. Bd3 Ra8 22. Qc2 Qf6 23. Nc3 Nxc3 24. Qxc3 Qe5 25. Rce1 Nf6 26. Qc2 Ne4 27. f4 Qf6 28. Nf3 Ng3 29. Rf2 Bf5 30. Ne5 Bxd3 31. Qxd3 Ne4 32. Rc2 Rad8 33. Rf1 Qg7 34. Kh2 Re7 35. Rcc1 Rde8 36. Rce1 Ra8 37. Rc1 Rae8 38. Rce1 Ra8 39. Rc1 Rae8 40. Rce1 Ra8 1/2-1/2

[Event "SRI-chB"]
[Site "Narahenpita"]
[Date "2017.05.13"]
[Round "4"]
[White "Randil, Lakshita"]
[Black "Egodage, Thilina Sampath"]
[Result "1/2-1/2"]
[WhiteElo "1905"]
[BlackElo "1780"]
[PlyCount "55"]
[EventDate "2017.05.12"]
[EventType "swiss"]
[EventRounds "10"]
[EventCountry "SRI"]
[SourceTitle "CBM 178 Extra"]
[Source "ChessBase"]
[SourceDate "2017.06.22"]
[SourceVersion "1"]
[SourceVersionDate "2017.06.22"]
[SourceQuality "1"]

1. d4 Nf6 2. c4 b6 3. Nf3 Bb7 4. g3 e6 5. Bg2 d5 6. 0-0 Nbd7 7. cxd5 Nxd5 8. Re1 Be7 9. e4 N5f6 10. Nc3 0-0 11. Bf4 c5 12. d5 exd5 13. exd5 Nh5 14. Be3 Ndf6 15. Ne5 Bd6 16. Nc4 g6 17. Bg5 Qd7 18. Qf3 Ne8 19. Nxd6 Nxd6 20. Re7 Qc8 21. g4 Ng7 22. Bf4 Nde8 23. Bh6 f6 24. Rae1 Rf7 25. Qe3 Qd8 26. Rxf7 Kxf7 27. Bf4 Nd6 28. Ne4 1/2-1/2

[Event "SRI-ch"]
[Site "Colombo"]
[Date "2016.06.03"]
[Round "8"]
[White "Randil, Lakshita"]
[Black "Thilakarathne, GM Harshana"]
[Result "1/2-1/2"]
[WhiteElo "1925"]
[BlackElo "1974"]
[PlyCount "60"]
[EventDate "2016.05.27"]
[EventType "tourn"]
[EventRounds "13"]
[EventCountry "SRI"]
[SourceTitle "CBM 172 Extra"]
[Source "ChessBase"]
[SourceDate "2016.06.21"]
[SourceVersion "1"]
[SourceVersionDate "2016.06.21"]
[SourceQuality "1"]

1. d4 Nf6 2. c4 e6 3. g3 d5 4. Nf3 dxc4 5. Qa4+ Nbd7 6. Bg2 a6 7. Nc3 Be7 8. Qxc4 b5 9. Qd3 Bb7 10. 0-0 0-0 11. Bg5 c5 12. dxc5 Nxc5 13. Qxd8 Rfxd8 14. Ne5 Bxg2 15. Kxg2 Rac8 16. Rfd1 Rxd1 17. Rxd1 b4 18. Nb1 Nce4 19. Bxf6 gxf6 20. Nd3 a5 21. f3 Nd6 22. Rc1 Rxc1 23. Nxc1 Nc4 24. Nd3 Kf8 25. Kf2 f5 26. b3 Nb6 27. e4 fxe4 28. fxe4 Bf6 29. Nd2 Bc3 30. Nf3 Ke7 1/2-1/2